Handbook on the geographies of money and finance
Salvato in:
| Altri autori: | , |
|---|---|
| Natura: | Libro |
| Lingua: | inglese |
| Pubblicazione: |
Cheltenham
Edward Elgar Publishing
2017
|
| Serie: | Research handbooks in geography
|
| Soggetti: | |
| Tags: |
Nessun Tag, puoi essere il primo ad aggiungerne!!
|
MARC
| LEADER | 00000nam a2200000 4500 | ||
|---|---|---|---|
| 001 | 0234326 | ||
| 005 | 20240221115927.4 | ||
| 020 | |a 978-1-78471-899-2 | ||
| 041 | 0 | |a eng | |
| 044 | |a GB | ||
| 245 | 1 | 0 | |a Handbook on the geographies of money and finance |c edited by: Ron Martin, Jane Pollard |
| 264 | 1 | |a Cheltenham |b Edward Elgar Publishing |c 2017 | |
| 300 | |a 656 s. | ||
| 490 | 1 | |a Research handbooks in geography | |
| 830 | 0 | |a Research handbooks in geography | |
| 610 | 2 | 0 | |a peniaze |
| 610 | 2 | 0 | |a financie |
| 610 | 2 | 0 | |a svet |
| 610 | 2 | 0 | |a porovnanie medzinárodné |
| 610 | 2 | 0 | |a geografia hospodárska |
| 610 | 2 | 0 | |a ekonómia politická |
| 610 | 2 | 0 | |a kríza finančná |
| 610 | 2 | 0 | |a politika finančná |
| 610 | 2 | 0 | |a regióny |
| 610 | 2 | 0 | |a podnikanie |
| 610 | 2 | 0 | |a trh akciový |
| 610 | 2 | 0 | |a financie verejné |
| 610 | 2 | 0 | |a investori |
| 610 | 2 | 0 | |a trh hypotekárny |
| 610 | 2 | 0 | |a aktíva |
| 610 | 2 | 0 | |a dlhy |
| 610 | 2 | 0 | |a fondy penzijné |
| 610 | 2 | 0 | |a regulácia finančná |
| 610 | 2 | 0 | |a trh finančný |
| 610 | 2 | 0 | |a reformy |
| 610 | 2 | 0 | |a inštitúcie finančné |
| 610 | 2 | 0 | |a kapitál |
| 610 | 2 | 0 | |a mena |
| 610 | 2 | 0 | |a migrácia |
| 610 | 2 | 0 | |a islam |
| 610 | 2 | 0 | |a diverzita |
| 610 | 2 | 0 | |a vzťahy peňažné medzinárodné |
| 610 | 2 | 0 | |a vzťahy peňažné |
| 610 | 2 | 0 | |a dôsledky sociálne |
| 610 | 2 | 0 | |a vývoj hospodársky |
| 700 | 1 | |a Martin, Ron | |
| 700 | 1 | |a Pollard, Jane | |